| 000 | 01158nam a22003617a 4500 | ||
|---|---|---|---|
| 001 | 0024663 | ||
| 003 | KOHA_MİRAKIL | ||
| 005 | 20260207002445.0 | ||
| 007 | ta | ||
| 008 | 101112b2008 tu |||gr||||#||||0|tur | | ||
| 020 |
_a9786053950691 _c6,26 |
||
| 040 |
_aTR-BiSEU _btur _cTR-BiSEU _erda |
||
| 041 | 0 | _atur | |
| 044 | _ctu | ||
| 050 |
_aHC495.I5 _bC67 2008 |
||
| 100 | 1 | _aCoşkun, Selim. | |
| 245 | 1 |
_aAvrupa Birliğinde yoksullukla mücadele stratejileri ve Türkiye/ _cSelim Coşkun ; Selim Coşkun; Münir Tireli. |
|
| 250 | _a 1.bs. | ||
| 264 | 1 |
_aAnkara : _bNobel _c2008 |
|
| 300 | _aXIII, 200 sayfa; 25 cm. | ||
| 336 |
_ametin _btxt _2rdacontent |
||
| 337 |
_aaracısız _bn _2rdamedia |
||
| 338 |
_acilt _bnc _2rdacarrier |
||
| 490 | 1 |
_aNobel yayın ; _v1273. |
|
| 490 | 1 |
_aİktisadi ve İdari bilimler ; _v208. |
|
| 500 | _aKaynakça var. | ||
| 650 | 0 |
_aIncome distribution--Turkey. _99499 |
|
| 650 | 0 |
_aTurkey--Economic conditions. _98442 |
|
| 650 | 0 |
_aTurkey--Foreign relations--European Union. _919078 |
|
| 830 | 1 |
_aNobel yayın ; _v1273. _91510 |
|
| 830 | 1 |
_aİktisadi ve İdari bilimler ; _v208. _950215 |
|
| 942 |
_2lcc _cBK |
||
| 999 |
_c24614 _d24614 |
||